Летопись важнейших событий советско-чехословацкой дружбы и сотрудничества 1944-1984

Библиографические подробности
Другие авторы: Шманько Г. И. (редактор)
Язык:русский
Опубликовано: Киев, Наукова думка, 1986
Предметы:
Формат: MixedMaterials Книга
Запись в KOHA:https://koha.lib.tpu.ru/cgi-bin/koha/opac-detail.pl?biblionumber=268074

MARC

LEADER 00000nam0a2200000 4500
001 268074
005 20231101234132.0
035 |a (RuTPU)RU\TPU\book\291201 
090 |a 268074 
100 |a 20140826d1986 km y0rusy50 ca 
101 0 |a rus 
102 |a UA 
105 |a y z 000zy 
200 1 |a Летопись важнейших событий советско-чехословацкой дружбы и сотрудничества 1944-1984  |f под ред. Г. И. Шманько 
210 |a Киев  |c Наукова думка  |d 1986 
215 |a 200 с. 
606 1 |a Внешняя политика СССР в отношении европейских стран  |2 stltpush  |3 (RuTPU)RU\TPU\subj\73054  |9 86294 
610 1 |a СССР 
610 1 |a Чехословакия 
610 1 |a дружба 
610 1 |a сотрудничество 
610 1 |a хронологии 
610 1 |a летописи 
610 1 |a СЭВ 
610 1 |a Варшавский Договор 
686 |a Ф4(2)9(4Че)  |v LBC/SL-A  |2 rubbk 
702 1 |a Шманько  |b Г. И.  |4 340 
801 1 |a RU  |b 63413507  |c 20140826 
801 2 |a RU  |b 63413507  |c 20170217  |g RCR 
942 |c BK